[Event "Bogota IRT op 08"]
[Site "Bogota"]
[Date "2012.08.17"]
[Round "1"]
[White "Nieto Mancilla, Frank Fernando"]
[Black "Erazo Trujillo, Clara Elisa"]
[Result "1-0"]
[WhiteElo "1883"]
[BlackElo "1600"]
[PlyCount "29"]
[EventDate "2012.08.17"]
[EventType "swiss"]
[EventRounds "7"]
[EventCountry "COL"]
[SourceTitle "EXT 2013"]
[Source "ChessBase"]
[SourceDate "2012.11.22"]
[SourceVersion "1"]
[SourceVersionDate "2012.11.22"]
[SourceQuality "1"]

1. e4 a5 2. Nc3 Nh6 3. f4 Ng4 4. Qxg4 Ra6 5. Bxa6 bxa6 6. d4 Bb7 7. Nf3 Bxe4 8. Nxe4 Nc6 9. 0-0 Nb4 10. c3 Nc2 11. Rb1 a4 12. Rf2 Qb8 13. Nc5 Qb5 14. Rxc2 Qb8 15. Qxd7# 1-0